| 000 | 01209cam a22003375a 4500 | ||
|---|---|---|---|
| 008 | 150823t2005 enka frf 001 0 eng d | ||
| 010 | _a 2006205014 | ||
| 020 | _a0750664606 | ||
| 020 | _a9780750664608 | ||
| 035 | _a(OCoLC)ocm69174324 | ||
| 040 |
_aEG-ScBUE _beng _cEG-ScBUE |
||
| 082 | 0 | 4 |
_a690 _bHAL _222 |
| 100 | 1 | _aHall,Fred. | |
| 245 | 1 | 0 |
_aBuilding Services Handbook / _cFred Hall and Roger Greeno. |
| 250 | _a3rd ed. | ||
| 260 |
_aOxford: _bElsevier Butterworth-Heinemann, _cc.2005. |
||
| 300 |
_a527 p. : _bill. ; _c24 cm. |
||
| 500 | _aIndex: p. 519-527. | ||
| 500 | _a"Incorporating current building & construction regulations."--Cover. | ||
| 500 | _aLatest issue consulted: 3rd. ed (2005). | ||
| 590 | _aMohamed Hussein Reviewed by: Wessam | ||
| 650 | 0 |
_aBuilding _vHandbooks, manuals, etc. _2BUEsh |
|
| 650 | 0 |
_aBuilding _zGreat Britain _vHandbooks, manuals, etc. _2BUEsh |
|
| 650 | 0 |
_aFacility management _vHandbooks, manuals, etc. _2BUEsh |
|
| 650 | 0 |
_aBuildings _xEnvironmental engineering _vHandbooks, manuals, etc. _2BUEsh |
|
| 651 | _2BUEsh | ||
| 653 | _bENGCIV | ||
| 655 |
_vreading book _934232 |
||
| 700 | 1 | _tGreeno, Roger. | |
| 942 |
_cNB _k690 HAL _2ddc |
||
| 999 |
_c2879 _d2879 |
||